| 000 | 00847cam a22002293a 4500 | ||
|---|---|---|---|
| 001 | 13606 | ||
| 003 | PGUSA | ||
| 005 | 20140828083307.0 | ||
| 008 | 041005s2004||||xxu|||||s|||||000 | eng d | ||
| 040 |
_aPGUSA _beng |
||
| 042 | _adc | ||
| 050 | 4 | _aG | |
| 100 | 1 |
_aStevenson, William, _d1772-1829 |
|
| 245 | 1 | 2 |
_aA General History and Collection of Voyages and Travels - Volume 18 : _bHistorical Sketch of the Progress of Discovery, Navigation, and Commerce, from the Earliest Records to the Beginning of the Nineteenth Century, By William Stevenson _h[electronic resource] / _cWilliam Stevenson |
| 260 |
_bProject Gutenberg, _c2004 |
||
| 506 | _aPublic domain in the USA. | ||
| 516 | _aElectronic text | ||
| 653 | _aVoyages and travels | ||
| 830 | 0 |
_aProject Gutenberg _v13606 |
|
| 856 | 4 | 0 | _uhttp://www.gutenberg.org/ebooks/13606 |
| 942 | _cEB | ||
| 999 |
_c242861 _d242861 |
||